| 000 | 00953nas a2200301 4500 | ||
|---|---|---|---|
| 001 | BR2013001064 | ||
| 003 | BR-BrBNA | ||
| 005 | 20231205121916.0 | ||
| 007 | ta | ||
| 008 | 230509b bl.|||p| |||| 00| 00por d | ||
| 040 |
_aBR-BrBNA _bpor _cBiblioteca Nacional de Agricultura |
||
| 041 | _a(Pt) | ||
| 072 | _aH10 | ||
| 100 | 1 | _aDuarte, R.T. | |
| 100 | 1 | _aGalli, J.C. | |
| 100 | 1 | _aPazini, W.C. | |
| 100 | 1 | _aCalore, R.A. | |
| 245 | 1 | _aDinâmica populacional de Triozoida limbata, Costalimaita ferruginea e inimigos naturais em pomar orgânico e convencional de goiaba | |
| 650 | _aGOIABA | ||
| 650 | _aPRAGA DE PLANTA | ||
| 650 | _aFLUTUAÇÃO POPULACIONAL | ||
| 650 | _aINIMIGO NATURAL | ||
| 650 | _aCONTROLE INTEGRADO | ||
| 650 | _aPOMAR | ||
| 773 | 0 |
_tRevista Brasileira de Fruticultura (Brazil) _xISSN 0100 2945 _g(Sep 2012), v. 34(3) p. 727-733 _wBR2013001064 |
|
| 909 |
_a202311 _bLúcia _c55 _dLúcia Elande |
||
| 942 |
_2AGRIS _n0 _cANA |
||
| 999 |
_c225887 _d225887 |
||